| 000 | 00766nam a2200205 a 4500 | ||
|---|---|---|---|
| 001 | 000017648 | ||
| 005 | 20250204092151.0 | ||
| 008 | 100329s1986 dr 000 0 spa d | ||
| 040 |
_aDO-SdBNP _bspa _cBNPHU |
||
| 082 |
_axxx _aA481e |
||
| 100 | 1 |
_aAmado Guzmán, Ramón _938469 |
|
| 245 | 1 | 0 |
_a¿Eres mocano? Y otras páginas / _cRamón Amado Guzmán; recompilación de Julio Jaime Julia. |
| 260 |
_aSanto Domingo : _bUASD, _c1986. |
||
| 300 |
_a108 p. ; _c21 cm. |
||
| 490 | 1 |
_aPublicaciones de la Universidad Autónoma de Santo Domingo _v544 |
|
| 700 | 1 |
_aJulia, Julio Jaime _d1922-1993 _erec. _920185 |
|
| 710 | 1 |
_aUniversidad Autónoma de Santo Domingo _972951 |
|
| 830 | 0 |
_aPublicaciones de la Universidad Autónoma de Santo Domingo _n544 _938470 |
|
| 049 | _aBNPD | ||
| 999 |
_c17173 _d17173 |
||